| 000 | 00870nam a22002177a 4500 | ||
|---|---|---|---|
| 999 |
_c61313 _d61313 |
||
| 005 | 20240202161830.0 | ||
| 008 | 240202s2022 en ||||| |||| 00| 0 eng d | ||
| 020 | _a9781292349749 | ||
| 041 | _aeng | ||
| 080 | _a368 R-30 | ||
| 100 |
_aRejda, George E [Author] _921190 |
||
| 245 |
_aPrinciples of risk management and insurance / _cGeorge E. Rejda, Michael J. McNamara, William H. Rabel |
||
| 264 |
_aHarlow : _bPearson Education Limited, _c2022. |
||
| 300 |
_a732 p ; _bIllustrationen, Diagramme _c26 cm. |
||
| 653 | _aPrinciples of risk management and insurance | ||
| 653 | _aრისკის მართვისა და დაზღვევის პრინციპები | ||
| 653 | _aდაზღვევა | ||
| 700 |
_a McNamara, J. Michael _e Author _921191 |
||
| 700 |
_aRabel, William H _e Author _921192 |
||
| 942 |
_2udc _cᲬᲘᲒᲜᲘ |
||